[Jeux Vidéos] Combien de jeux composent cette saga ? - Statistiques

Statistiques générales
  • Ce quiz a été pris 218 fois
  • Le résultat moyen est 5 sur 10
Statistiques - réponses
Nom de la saga Réponse % Correct
Counter-Strike 6
91%
Mario Kart 10
78%
Luigi's Mansion 3
75%
Farming Simulator 15
68%
Assassin's Creed 12
61%
Harvest Moon 20
42%
Lemmings 6
38%
Half-Life 7
34%
Worms 21
11%
Léa Passion/Imagine 48
3%
Aucun quiz correspondant
Distribution des résultats
% des personnes avec chaque résultat
Percentile par nombre de réponses
Votre historique - résultats
Vous n’avez pas pris ce quiz